Sete Categorias - Entretenimento I - Statistics

Estatísticas Gerais
  • Esse quiz foi jogado 26 vezes
  • A pontuação média é 6 de 20
Estatísticas das Respostas
Questão Resposta % Correto
Que filme da Pixar de 2017 segue um rapaz mexicano de 12 anos que é acidentalmente transportado para a Terra dos Mortos? Coco
65%
Que banda consistia nos membros Justin Timberlake, JC Chasez, Chris Kirkpatrick, Joey Fatone e Lance Bass, sendo um dos seus maiores êxitos 'Bye, Bye, Bye'? N'Sync
65%
A que artista pertencem os álbuns 'Folklore' e 'Evermore', ambos lançados em 2020? Taylor Swift
55%
Que minissérie da Netflix lançada em 2020 e com Anya Taylor-Joy no papel de Beth Harmon se tornou na mais vista da plataforma? The Queen's Gambit
55%
Naʼvi é uma língua inventada para que filme de 2009? Avatar
50%
Por que nome ficou conhecido Farrokh Bulsara? Freddy Mercury
40%
Que música dos Beatles dá nome ao filme de 2019 realizado por Danny Boyle, onde o protagonista se torna na única pessoa a conhecer a banda depois dum acidente? Yesterday
40%
Em 2015, quem se tornou famoso na Broadway como compositor, letrista e estrela do sucesso musical Hamilton? Lin-Manuel Miranda
35%
Antes de se tornar numa estrela global, que cantora ganhou a Eurovisão em 1988 pela Suiça com o tema 'Ne partez pas sans moi'? Celine Dion
30%
'A Cura Mortal' (2018) é o último filme de que trilogia distópica de ação e ficção científica? Maze Runner
25%
Quem interpreta o tema principal do filme '007 - No Time To Die'? Billie Eilish
20%
Que cineasta italiano realizou os filmes 'La Strada', 'La Dolce Vita' e '8 1/2'? Federico Fellini
20%
Bernardo Bertolucci recebeu permissão para filmar que filme de 1987 na Cidade Proibida, em que John Lone estrelou como Pu Yi? The Last Emperor
20%
Qual foi a primeira série produzida pela Netflix e lançada em 2013, que durante as suas 6 temporadas venceu 33 prémios Emmy? House of Cards
15%
Qual é o nome original do rato Mickey? Mortimer
15%
Major Tom é um astronauta ficcional de caráter autobiográfico criado por que músico? David Bowie
10%
Que ópera em 2 atos de 1787, composta por Mozart, relata a história de um jovem libertino que conquista o amor de mulheres, mas acaba por não casar com elas? Don Giovanni
10%
Que clássica banda de rock tem atualmente como intérpretes The Catman, The Spaceman, The Demon e The Starchild? Kiss
10%
Qual é o apelido da família no filme 'Música no Coração'? Van Trapp
10%
Desde 1876, a cidade alemã de Bayreuth realiza um festival de um mês, todos os Verões, celebrando a música de que compositor? Wagner
5%
Nenhum quiz correspondente encontrado
Distribuição das Pontuações
Porcentagem de Pessoas com Cada Pontuação
Percentil de Números Respondidos
Sua Pontuação Histórica
Você não jogou esse quiz